书目信息 |
| 题名: |
我与文学及其他
|
|
| 作者: | 朱光潜 著 | |
| 分册: | ||
| 出版信息: | 合肥 安徽教育出版社 1996 |
|
| 页数: | 147页 | |
| 开本: | 20cm | |
| 丛书名: | ||
| 单 册: | ||
| 中图分类: | I02 | |
| 科图分类: | ||
| 主题词: | 文学理论--基本问题 | |
| 电子资源: | ||
| ISBN: | 7-5336-1948-X | |
| 000 | 00562nam0 2200205 45 | |
| 001 | 0198021854 | |
| 005 | 20041227140717.9 | |
| 010 | @a7-5336-1948-X@dCNY7.80 | |
| 100 | @a19980420d1996 emky0chiy0121 ea | |
| 101 | 0 | @achi |
| 102 | @aCN@b340000 | |
| 105 | @ay z 000yy | |
| 200 | 10 | @a我与文学及其他@Awo yu wen xue ji qi ta@f朱光潜著@FZhu Guang Qian Zhu |
| 210 | @a合肥@c安徽教育出版社@d1996 | |
| 215 | @a147页@d20cm | |
| 606 | 0 | @a文学理论@x基本问题 |
| 690 | @aI02@v3 | |
| 701 | 0 | @a朱光潜@4著 |
| 801 | 0 | @aCN@bNLC@c19980505 |
| 905 | @f2@b291928-929@dI02@e199 | |
| 我与文学及其他/朱光潜著.-合肥:安徽教育出版社,1996 |
| 147页;20cm |
| ISBN 7-5336-1948-X:CNY7.80 |
| ● |
| 相关链接 |
|
|
|
|
正题名:我与文学及其他
索取号:I02/199
 
预约/预借
| 序号 | 登录号 | 条形码 | 馆藏地/架位号 | 状态 | 备注 |
| 1 | 0281867 | 002818678 | 第二借阅区/ [索取号:I02/199] | 在馆 | |
| 2 | 0281868 | 002818687 | 第二借阅区/ [索取号:I02/199] | 在馆 | |
| 3 | 0291928 | 002919284 | 第二借阅区/ [索取号:I02/199] | 在馆 | |
| 4 | 0291929 | 002919293 | 第二借阅区/ [索取号:I02/199] | 在馆 | |
| 5 | 0291930 | 002919300 | 第一样本阅览室/ [索取号:I02/199] | 在馆 |